[Event "VIE-ch U13"]
[Site "Hai Phong"]
[Date "2018.07.07"]
[Round "1"]
[White "Nguyen, Duc Dung"]
[Black "Nguyen, Huu Khang"]
[Result "1-0"]
[WhiteElo "1846"]
[BlackElo "1824"]
[PlyCount "95"]
[EventDate "2018.07.07"]
[EventType "swiss"]
[EventRounds "9"]
[EventCountry "VIE"]
[SourceTitle "EXT 2019"]
[Source "ChessBase"]
[SourceDate "2018.10.10"]
[SourceVersion "1"]
[SourceVersionDate "2018.10.10"]
[SourceQuality "1"]

1. d4 Nf6 2. Nf3 g6 3. c4 Bg7 4. g3 0-0 5. Bg2 d5 6. 0-0 b6 7. Ne5 Bb7 8. Nc3 e6 9. b3 Nbd7 10. Bb2 c5 11. e3 Rc8 12. Nb5 Ra8 13. Re1 Ne8 14. Nd3 a6 15. Na3 Nef6 16. Rc1 Rc8 17. dxc5 Nxc5 18. Nxc5 Rxc5 19. Nc2 Qa8 20. Ba3 Rd8 21. Bxc5 bxc5 22. Qe2 Nd7 23. cxd5 exd5 24. Red1 Ne5 25. Ne1 Nd7 26. Nd3 Rc8 27. Bh3 f5 28. Bg2 c4 29. Nf4 Nb6 30. Ne6 Bf6 31. Nd4 a5 32. g4 fxg4 33. Qxg4 Re8 34. Nb5 Bc8 35. Qf3 Be5 36. bxc4 h5 37. h3 Qa6 38. c5 Qxb5 39. cxb6 Qxb6 40. Qxd5+ Kg7 41. Rxc8 Re7 42. Qg8+ Kh6 43. Rc6 Rg7 44. Qh8+ Rh7 45. Qf8+ Rg7 46. Rxb6 Kh7 47. Be4 Bc3 48. Rd7 1-0

[Event "VIE-ch U09"]
[Site "Ho Chi Minh City"]
[Date "2014.07.15"]
[Round "4"]
[White "Nguyen, Huu Khang"]
[Black "Le, Dang Thanh An"]
[Result "0-1"]
[WhiteElo "1502"]
[BlackElo "1539"]
[PlyCount "47"]
[EventDate "2014.07.13"]
[EventType "swiss"]
[EventRounds "9"]
[EventCountry "VIE"]
[SourceTitle "EXT 2016"]
[Source "ChessBase"]
[SourceDate "2015.10.08"]
[SourceVersion "1"]
[SourceVersionDate "2015.10.08"]
[SourceQuality "1"]

1. e4 e5 2. Nf3 Nc6 3. Bc4 Nf6 4. Nc3 Bb4 5. b3 Bxc3 6. dxc3 0-0 7. Qd3 b6 8. Be3 Bb7 9. 0-0-0 d6 10. Rhg1 Qd7 11. Qe2 Nxe4 12. Qd3 Nf6 13. h3 Na5 14. Ba6 e4 15. Qb5 Qxb5 16. Bxb5 exf3 17. gxf3 Bxf3 18. Rd4 c6 19. Bd3 d5 20. Rf4 Bh5 21. Rxf6 Rac8 22. Bh6 Bg6 23. Bxg7 Kxg7 24. Rf4 0-1